000 00427nam a2200145Ia 4500
008 240729s9999 xx 000 0 und d
022 _a2980-7891
245 0 _aEpidemiology and Health System Journal
260 _aIran, Islamic Republic of
260 _bShahrekord University of Medical Sciences
650 _aMedicine
856 _uhttps://doaj.org/toc/470cd6f86db949b7942a4b5f9c747b7d
942 _2ddc
942 _cDOAJEJ
999 _c69443
_d69443
945 _a1
_bMadushi Gamage
_c1
_dMadushi Gamage